1994 1772 1136 1076 1849 1572 1956 1692 1004 1322 1170 1083 1810 1761 1172 1257 1133 1048 1969 1542 1676 1434 1118 1988 1127 1705 1488 1279 1941 1918 1611 1278 1203 1014 1453 1990 1672 1759 1549 1912 1057 1975 1404 1844 1295 1458 1936 1650 1063 1311 1222 1645 1724 1683 1150 1950 1210 1754 1178 1959 1358 1380 1153 1433 1695 1734 1043 1811 1782 1039 1087 1140 1914 1913 1491 1566 1288 1143 1976 1659 1320 1588 1771 1131 1892 1485 1160 1278 1520 1167 1061 1860 1679 1791 1580 1326 1842 1264 1312 BCNSPRNW ULIB Ver.6.0+V

เปลี่ยนเป็นภาษาไทย

Change to English
 แสดงรายละเอียดบรรณานุกรม
  กลับหน้าหลัก

Brief Record : Get Marc (ISO 2709) : E-mail record : QR code < ปิดหน้าต่าง
LEADER : 00000nam 2200000uu 4500
001    13399113406
003     ULIB
008    110627s2551||||th 000 0 tha d
020    9789742463595
090    นว.^bส733จ 2551
100 0  สิวสี่มหลี
245 00 เจมส์ สุภาพบุรุษยอดนักรัก/^cสิวสี่มหลี
250    พิมพ์ครั้งที่ 1
260    กรุงเทพฯ :^bอักษรศาสตร์ พับลิชชิ่ง,^c2551
300    243 หน้า
710 1  อักษรศาสตร์ พับลิชชิ่ง
945    ^p229^l0^i024504
995    ทศพร
999 ^a ใช้งานได้ทุกระบบ
รายการนี้ยังไม่มีแท็ก
คุณยังไม่ได้ล็อกอิน คุณสามารถมีกิจกรรมร่วมกับเว็บไซต์ได้ แต่ต้องล็อกอินก่อน ::
  ล็อกอิน

รายการสื่อสารสนเทศ

ลำดับที่ ประเภท เลขเรียก/บาร์โค้ด สถานที่ สถานะ
1. นวนิยาย
นวนิยาย
นว. ส733จ 2551 ฉ.1 
  Barcode: 024504
ห้องสมุดวิทยาเขตสวรรค์ประชารักษ์
►นวนิยาย
บนชั้น
  ขอยืม

BibComment


ยังไม่เคยถูกคอมเมนท์

คอมเมนท์ทรัพยากรรายการนี้
  คอมเมนท์: เจมส์ สุภาพบุรุษย..


 Copyright 2026. Bcnsprnw @Library